| 000 | 00804nam a2200265 a 4500 | ||
|---|---|---|---|
| 001 | 000054698 | ||
| 005 | 20200120222911.0 | ||
| 008 | 050413s2006 ve a br 000 p spa d | ||
| 020 | _a9806993020 | ||
| 041 | 0 | _a*spa | |
| 090 |
_aP _bPOMlp |
||
| 100 | 1 |
_aPombo, Rafael _d1833-1912. |
|
| 245 | 1 | 0 |
_aLetras minúsculas : _bun poema / _cRafael Pombo ; ilustraciones de Gerald Espinoza. |
| 250 | _a1a. ed. | ||
| 260 |
_aCaracas : _bEdiciones B, _c[2006]. |
||
| 300 | _a[28] p. | ||
| 490 | 0 | _aIguana | |
| 500 | _aTítulo tomado de la carátula | ||
| 500 | _aEj.1 de Mosquera donado por la Biblioteca Nacional - PNLB 2012. | ||
| 650 | 1 | 4 | _aPoesía infantil |
| 650 | 2 | 4 | _aLiteratura infantil |
| 650 | 2 | 4 | _aLiteratura Colombiana |
| 650 | 2 | 4 |
_aLetras _xPoesía infantil |
| 700 | 1 |
_aEspinoza, Gerald _etr. |
|
| 999 |
_c4270 _d4270 |
||